Loading...
| History - American | 0 | 5 | 0 | 0 | 50 | 62 | 92.80 | 1 | 4 | 0.00 | 0.00 |
| History - World | 0 | 4 | 0 | 0 | 40 | 54 | 93.00 | 1 | 3 | 0.00 | 0.00 |
| Other | 0 | 3 | 0 | 1 | 30 | 68 | 100.67 | 1 | 3 | 0.00 | 0.00 |
| History - Other | 0 | 3 | 1 | 0 | 25 | 78 | 102.00 | 1 | 3 | 0.00 | 0.00 |
| Social Science | 0 | 1 | 0 | 0 | 10 | 89 | 89.00 | 0 | 1 | 0.00 | 0.00 |
| Fine Arts - Painting & Sculpture | 0 | 1 | 0 | 0 | 10 | 76 | 76.00 | 1 | 1 | 0.00 | 0.00 |
| History - European | 0 | 1 | 0 | 0 | 10 | 118 | 118.00 | 0 | 0 | 0.00 | 0.00 |
| Literature - American | 0 | 1 | 0 | 1 | 10 | 139 | 139.00 | 0 | 0 | 0.00 | 0.00 |
| Science - Other | 0 | 1 | 0 | 1 | 10 | 134 | 134.00 | 0 | 0 | 0.00 | 0.00 |
| Fine Arts - Other | 0 | 1 | 0 | 0 | 10 | 104 | 104.00 | 0 | 0 | 0.00 | 0.00 |
| Philosophy | 0 | 1 | 0 | 0 | 10 | 103 | 103.00 | 0 | 1 | 0.00 | 0.00 |
| Religion | 0 | 1 | 1 | 0 | 5 | 83 | 83.00 | 1 | 1 | 0.00 | 0.00 |
| Mythology | 0 | 0 | 1 | 0 | -5 | 0.00 | 0 | 0 | 0.00 | 0.00 |